Les collectivites locales et la recherche
Salvato in:
| Ente Autore: | |
|---|---|
| Natura: | Libro |
| Lingua: | francese |
| Pubblicazione: |
París
Editions du Centre National de la Recherche Scientifique
1979
|
| Serie: | Collection du Gral
|
| Soggetti: | |
| Tags: |
Aggiungi Tag
Nessun Tag, puoi essere il primo ad aggiungerne!!
|
MARC
| LEADER | 00000nam a2200000 a 4500 | ||
|---|---|---|---|
| 001 | UCY9689 | ||
| 003 | CL-VaPUC | ||
| 008 | 950720e19790000FR |||||||||||||||||fre|d | ||
| 082 | 0 | 4 | |a 658 |b GRO |2 21 |
| 110 | 2 | |a Groupement de Recherches Coordonnees sur l'Administration Locale |e author |9 342220 | |
| 245 | 1 | 4 | |a Les collectivites locales et la recherche |
| 300 | |a 268 p | ||
| 942 | |c BK | ||
| 945 | |d 19950720 00:00:00 |a rbrito | ||
| 260 | |a París |b Editions du Centre National de la Recherche Scientifique |c 1979 | ||
| 650 | 0 | |a Administración |9 259325 | |
| 650 | 0 | |a Congresos |9 257560 | |
| 650 | 0 | |a Administración pública |9 255343 | |
| 650 | 0 | |a Administradores |9 342221 | |
| 583 | |a last modification |c 19950720 00:00:00 |k Rodrigo Vera | ||
| 490 | 0 | |a Collection du Gral | |
| 999 | |c 236737 |d 236735 | ||
| 952 | |0 0 |1 0 |4 0 |6 658_000000000000000_GRO_1979 |7 0 |8 P |9 245053 |a BIBDER |b BIBDER |d 2019-11-18 |i 3108236 |o 658 GRO 1979 |p 3108236 |r 2023-01-25 |w 2019-11-18 |y BK |k DER | ||